|
|
|
|
| LEADER |
01711nam a2200445 a 4500 |
| 001 |
nkc20142539085 |
| 003 |
CZ PrNK |
| 005 |
20140310144937.0 |
| 007 |
ta |
| 008 |
140121s2013 xr a e f 000 0 cze |
| 015 |
|
|
|a cnb002539085
|
| 020 |
|
|
|a 978-80-7013-560-0
|q (brož.)
|
| 035 |
|
|
|a (OCoLC)872340710
|
| 040 |
|
|
|a ABA001
|b cze
|
| 072 |
|
7 |
|a 616-053.2
|x Pediatrie
|2 Konspekt
|9 14
|
| 080 |
|
|
|a 616-053.31
|2 MRF
|
| 080 |
|
|
|a 616-083
|2 MRF
|
| 080 |
|
|
|a 616-071-083
|2 MRF
|
| 080 |
|
|
|a (035)
|2 MRF
|
| 100 |
1 |
|
|a Fendrychová, Jaroslava,
|d 1953-
|7 mzk2004248698
|4 aut
|
| 245 |
1 |
0 |
|a Hodnotící metodiky v neonatologii /
|c Jaroslava Fendrychová ; [ilustrovala Hana Bořilová]
|
| 250 |
|
|
|a 2., přeprac. a rozš. vyd.
|
| 260 |
|
|
|a Brno :
|b Národní centrum ošetřovatelství a nelékařských zdravotnických oborů,
|c 2013
|
| 300 |
|
|
|a 112 s. :
|b il. ;
|c 21 cm
|
| 504 |
|
|
|a Obsahuje bibliografie
|
| 521 |
8 |
|
|a Určeno pro specializační vzdělávání, zdravotnické pracovníky pečující o novorozence
|
| 650 |
0 |
7 |
|a neonatologie
|7 ph123235
|2 czenas
|
| 650 |
0 |
7 |
|a ošetřovatelství
|7 ph123893
|2 czenas
|
| 650 |
0 |
7 |
|a ošetřovatelské diagnózy
|7 ph134956
|2 czenas
|
| 650 |
0 |
9 |
|a neonatology
|2 eczenas
|
| 650 |
0 |
9 |
|a nursing
|2 eczenas
|
| 650 |
0 |
9 |
|a nursing diagnosis
|2 eczenas
|
| 655 |
|
7 |
|a příručky
|7 fd133209
|2 czenas
|
| 655 |
|
9 |
|a handbooks and manuals
|2 eczenas
|
| 910 |
2 |
|
|a BOA001
|b 2-1317.787
|
| 990 |
|
|
|a BK
|
| 995 |
|
|
|a 01
|
| 991 |
|
|
|b 201402
|c NOV
|e n
|j 616-053.2 FEN
|
| 996 |
6 |
|
|b 2610576695
|c 2-1317.787
|l MZK
|r Sklad / do 1 hodiny
|n 2
|p p.v.
|w 001393919
|u 000010
|a 1
|e BOA001
|j MZK50
|s P
|
| 996 |
7 |
|
|b 2610576696
|c 2-1317.787
|l MZK
|r Sklad / do 1 hodiny
|n 9
|p p.v.
|w 001393919
|u 000020
|a 1
|e BOA001
|j MZK50
|s A
|